000 00233nam a22001097a 4500
082 _a823
_bSTI/S
100 _aSTIMSON, JOAN
245 _aSTORY TIME 3 YEARS
260 _aUK
_bLADYBIRD
650 _aENGLISH SHORT STORY
_zUK
942 _cBK
999 _c4557
_d4557